Die Felsgravierungen im Distrikt Sayala-Nubien /

محفوظ في:

المؤلف الرئيسي: Engelmayer, Reinhold (مؤلف)

التنسيق: كتاب

اللغة: German

منشور في: Wien : H. Böhlaus, 1965.

سلاسل: Berichte des Österreichischen Nationalkomitees der UNESCO-Aktion für die Rettung der Nubischen Altertümer ; 2.
BONU ; 2.
Denkschriften (Österreichische Akademie der Wissenschaften. Philosophisch-Historische Klasse) ; 90.
DOAW ; 90.

الموضوعات:

الوسوم: إضافة وسم

لا توجد وسوم, كن أول من يضع وسما على هذه التسجيلة!

رقم الطلب: DT135 .N8 B6 v.2

LEADER 00954namaa2200277 4500
001 14139
003 OSt
005 20250731065623.0
008 130303s1965 gw a 000 0 ger d
010 |a 68084404 
040 |c ARCE Library 
043 |a f-sj--- 
050 4 |a DT135 .N8 B6 v.2 
100 1 |a Engelmayer, Reinhold,  |e author  |9 29625 
245 1 4 |a Die Felsgravierungen im Distrikt Sayala-Nubien /   |c Reinhold Engelmayer. 
264 1 |a Wien :   |b H. Böhlaus,   |c 1965. 
300 |a volume <2> :   |b illustrations ;   |c 24 cm. 
490 0 |a Berichte des Österreichischen Nationalkomitees der UNESCO-Aktion für die Rettung der Nubischen Altertümer ;   |v 2. 
490 0 |a BONU ;   |v 2. 
490 0 |a Denkschriften (Österreichische Akademie der Wissenschaften. Philosophisch-Historische Klasse) ;   |v 90. 
490 0 |a DOAW ;   |v 90. 
650 0 |a Petroglyphs  |z Nubia. 
651 0 |a Nubia  |x Antiquities. 
901 |a reviewed 
942 |c BK  |2 lcc 
999 |c 13411  |d 13411